00582nai a2200145Ia 4500003000900000008004100009022002300050040001600073245005800089260008600147310001300233362002100246521006900267856010000336IN-BaIIA211028c9999 xx s 000 0 eng d a2644-1268 (Online) cIIA Library 0aIEEE Open Journal of the Computer Societyh[eJournal] aNew York, USAbThe Institute of Electrical and Electronics Engineers, Inc. (IEEE) aAnnually a1; 2020- Present bSubscribed through National Knowledge Resource Consortium (NKRC) uhttps://ieeexplore.ieee.org/xpl/RecentIssue.jsp?punumber=8782664yClick Here to Access eJournal